In What Year Did....... Quiz Stats

 Plays Quiz not verified by Sporcle

Challenge
Share
Tweet
Embed
Score 0/20 Timer 05:00
0 Plays Today
% Correct
1912
96.7%
1969
92.8%
1963
92.2%
1945
90.8%
1980
89.5%
1989
89.5%
2005
88.2%
1992
71.2%
1990
71.2%
1997
69.3%
% Correct
1979
64.7%
1957
56.2%
1916
54.2%
1937
49.7%
1666
42.5%
1990
41.2%
1889
39.9%
1899
33.3%
1994
28.8%
79
18.3%

You're not logged in!

Compare scores with friends on all Sporcle quizzes.
OR
Log In

You Might Also Like...

Show Comments

Extras

Created Jul 25, 2010ReportNominate

Top Quizzes Today


Score Distribution

Your Account Isn't Verified!

In order to create a playlist on Sporcle, you need to verify the email address you used during registration. Go to your Sporcle Settings to finish the process.

Report this User

Report this user for behavior that violates our Community Guidelines.

Details: